000
00289nam a22001217a 4500
082
_a
425
_b
JON/P
100
_a
JONES,DANIEL
245
_a
THE PRONUNCIATION OF ENGLISH
260
_a
DELHI
_b
BLACKIE & SON PUBLISHERS
300
_a
223
650
_a
PRONUNCIATION OF ENGLISH
_z
INDIA
942
_c
BK
999
_c
4142
_d
4142